[Event "2nd European Youth GP 2017"]
[Site "Jermuk"]
[Date "2017.10.07"]
[Round "5"]
[White "Kaasen, Tor Fredrik"]
[Black "Lobanov, Sergei"]
[Result "1-0"]
[WhiteElo "2371"]
[BlackElo "2457"]
[Annotator "TA"]
[PlyCount "47"]
[EventDate "2017.??.??"]
[EventType "tourn"]
[EventCountry "ARM"]
[SourceTitle "playchess.com"]
[Source "ChessBase"]
[SourceQuality "1"]

{[%evp 21,47,14,34,32,33,29,33,23,38,8,18,10,11,0,0,-28,0,-25,0,0,0,-26,0,0,1170,499,1183,1167]} 1. d4 Nf6 2. c4 e6 3. Nf3 b6 4. g3 Bb7 5. Bg2 Be7 6. O-O O-O 7. Nc3 Ne4 8. Bd2 Bf6 9. Rc1 d5 10. cxd5 exd5 11. Bf4 Na6 {LiveBook: 17 Games. E18: Queen's Indian: Old Main Line (4 g3 Bb7 5 Bg2 Be7 6 0-0 0-0 7 Nc3)} 12. e3 $146 ({Predecessor:} 12. Nxe4 dxe4 13. Ne5 c5 14. dxc5 Nxc5 15. Nc4 Ne6 16. Nd6 Nxf4 17. gxf4 Qe7 18. Nxb7 Qxb7 19. Rc4 Rac8 20. Bxe4 Qe7 21. Bxh7+ Kh8 22. Rxc8 Rxc8 {1-0 (44) Gelfand,B (2756)-Huebner,R (2605) Ohrid 2009}) 12... c5 13. h4 Re8 {White has an edge.} 14. a3 Qe7 15. Qa4 Nc7 16. dxc5 {Hoping for Nxe4.} Nxc5 17. Qc2 N7e6 18. Rfd1 d4 19. exd4 Nxf4 20. gxf4 $40 {[%mdl 128] White attacks.} Ne6 $1 {[%cal Re6f4]} 21. Re1 {[#] Strongly threatening d5.} (21. Ng5 $5 Bxg5 22. fxg5 $11) 21... Qd6 22. Ng5 Bxg2 $4 {[%mdl 8192]} (22... Nxg5 $11 23. Bxb7 (23. hxg5 Bxg2 24. Kxg2 Bxd4 $11) 23... Nh3+ 24. Kh2 Nxf4) 23. Qxh7+ $18 Kf8 {White must now prevent ...Bb7.} 24. Nb5 {Precision: White = 56%, Black = 58%.} 1-0

[Event "2nd European Youth GP 2017"]
[Site "Jermuk"]
[Date "2017.10.07"]
[Round "5"]
[White "Shubin, Kirill"]
[Black "Shevchenko, Kirill"]
[Result "0-1"]
[WhiteElo "2359"]
[BlackElo "2531"]
[Annotator "TA"]
[PlyCount "66"]
[EventDate "2017.??.??"]
[EventType "tourn"]
[EventCountry "ARM"]
[SourceTitle "playchess.com"]
[Source "ChessBase"]
[SourceQuality "1"]

{[%evp 20,66,12,9,14,33,18,-3,0,0,0,0,34,47,46,25,216,226,205,210,233,0,0,0,0,-31,-11,-40,0,0,0,0,81,80,54,65,257,22,27,0,0,0,10,0,45,45,73,-1340,-1328]} 1. e4 c5 2. Nf3 d6 3. d4 cxd4 4. Nxd4 Nf6 5. Nc3 a6 6. Be3 e5 7. Nb3 Be6 8. h3 {B90: Sicilian Najdorf: Unusual White 6th moves, 6 Be3 Ng4 and 6 Be3 e5} Be7 (8... h5 9. Be2 Nbd7 10. O-O Rc8 11. Qd2 b5 12. Rfd1 Nb6 13. Bxb6 Qxb6 14. a4 b4 15. Nd5 Nxd5 16. exd5 {0-1 (43) Anand,V (2783)-Kovalyov,A (2641) Tbilisi 2017}) 9. f4 Nc6 10. f5 Bxb3 11. axb3 {LiveBook: 5 Games} d5 12. exd5 Nb4 {[%cal Rb4d5]} 13. Bc4 O-O 14. g4 $146 ({Predecessor:} 14. O-O b5 15. Be2 Nbxd5 16. Nxd5 Qxd5 17. Qxd5 Nxd5 {½-½ (34) Mammadzada,G (2334)-Enkhtuul,A (2258) Moscow 2015}) 14... b5 15. g5 bxc4 16. gxf6 Bxf6 {Threatens to win with ...Bg5.} 17. bxc4 Qc8 $2 (17... Bg5 $11 {and Black stays safe.} 18. Bc5 Be7) 18. Qe2 $1 $18 Bh4+ 19. Kd1 {And now Qg4 would win.} Qxf5 {[#]} 20. Bc5 $2 (20. Rf1 $1 $18 {[%cal Rf1f5]} Qxh3 21. Bc5) 20... Nxc2 $1 $11 21. Rf1 (21. Qxc2 $2 Qf3+ 22. Kc1 Qxh1+ $19) 21... Qc8 22. Kxc2 Qxc5 23. Qxe5 Rfe8 24. Rxa6 {Strongly threatening Qf4.} ({Don't play} 24. Qf4 Bf6 $17) 24... Rab8 25. Qf4 $1 $40 {[%csl LRf7,LRh4][%mdl 128] White attacks.} Qb4 (25... Qe7 $1 $11) 26. Kd3 $16 ({And not} 26. Qxh4 Qxb2+ 27. Kd3 Rb3 $17) 26... Qe7 27. d6 Rbd8 $2 {[#]} ({Black should try} 27... Qb7 $14 28. Ra5 Bf6) 28. Kc2 $2 ({White has to play} 28. c5 $1 $18) 28... Qb7 $11 29. Ra3 Qg2+ 30. Kb1 Bf6 31. Rf2 Re1+ 32. Kc2 Qg1 ({Don't blunder} 32... Qxh3 $2 33. Nd5 $18) 33. Ne4 $2 {[%mdl 8192] [#]} (33. Nd5 $16 Qg6+ 34. Rd3) 33... Rxe4 $1 {[%mdl 512] Precision: White = 49%, Black = 37%.} 0-1

[Event "2nd European Youth GP 2017"]
[Site "Jermuk"]
[Date "2017.10.07"]
[Round "5"]
[White "Gharibyan, Mamikon"]
[Black "Pogosyan, Stefan"]
[Result "1-0"]
[WhiteElo "2346"]
[BlackElo "2368"]
[Annotator "ChessBase"]
[PlyCount "63"]
[EventDate "2017.??.??"]
[EventType "tourn"]
[EventCountry "ARM"]
[SourceTitle "playchess.com"]
[Source "ChessBase"]
[SourceQuality "1"]
[TimeControl "5400+30"]

1. d4 {[%emt 0:00:00]} Nf6 {[%emt 0:00:08]} 2. Nf3 {[%emt 0:00:00]} e6 {[%emt 0:00:17]} 3. c4 {[%emt 0:00:00]} c5 {[%emt 0:00:19]} 4. d5 {[%emt 0:00:04]} b5 {[%emt 0:00:19]} 5. dxe6 {[%emt 0:00:40]} fxe6 {[%emt 0:00:15]} 6. Nc3 {[%emt 0:03:19]} a6 {[%emt 0:04:02]} 7. e4 {[%emt 0:01:17]} b4 {[%emt 0:03:45]} 8. e5 {[%emt 0:00:43]} bxc3 {[%emt 0:00:12]} 9. exf6 {[%emt 0:00:05]} Qxf6 {[%emt 0:06:43]} 10. Bg5 {[%emt 0:00:41]} Qf7 {[%emt 0:14:39]} 11. Bd3 {[%emt 0:06:35]} Nc6 {[%emt 0:05:20]} 12. bxc3 {[%emt 0:05:39]} d6 {[%emt 0:08:19]} 13. O-O {[%emt 0:02:54]} Be7 {[%emt 0:02:56]} 14. Be4 {[%emt 0:02:40]} Bd7 {[%emt 0:00:48]} 15. Rb1 {[%emt 0:00:06]} Rd8 {[%emt 0:10:33]} 16. Qd3 {[%emt 0:06:19]} Bxg5 {[%emt 0:06:21]} 17. Nxg5 {[%emt 0:00:10]} Qf6 {[%emt 0:07:38]} 18. Bxc6 {[%emt 0:08:36]} Bxc6 {[%emt 0:01:26]} 19. Nxe6 {[%emt 0:00:05]} Rc8 {[%emt 0:01:29]} 20. Nc7+ {[%emt 0:06:05]} Kf7 {[%emt 0:03:37]} 21. Nd5 {[%emt 0:00:15]} Bxd5 {[%emt 0:00:52]} 22. Qxd5+ {[%emt 0:00:32]} Kg6 {[%emt 0:00:11]} 23. Qd3+ {[%emt 0:00:55]} Kh6 {[%emt 0:01:02]} 24. f4 {[%emt 0:02:16]} Rc7 {[%emt 0:01:07]} 25. Qh3+ {[%emt 0:01:29]} Kg6 {[%emt 0:00:15]} 26. f5+ {[%emt 0:00:26]} Kf7 {[%emt 0:00:16]} 27. Qh5+ {[%emt 0:00:05]} Ke7 {[%emt 0:00:16]} 28. Rfe1+ {[%emt 0:00:04]} Kd7 {[%emt 0:00:10]} 29. Re6 {[%emt 0:00:04]} Qxc3 {[%emt 0:00:55]} 30. Qf7+ {[%emt 0:00:10]} Kc6 {[%emt 0:00:55]} 31. Rxd6+ {[%emt 0:00:07]} Kxd6 {[%emt 0:00:06]} 32. Qe6# {[%emt 0:00:03] Kd5} 1-0

[Event "2nd European Youth GP 2017"]
[Site "Jermuk"]
[Date "2017.10.07"]
[Round "5"]
[White "Zarubitski, Viachaslau"]
[Black "Nesterov, Arseniy"]
[Result "1/2-1/2"]
[WhiteElo "2311"]
[BlackElo "2350"]
[Annotator "NA"]
[PlyCount "192"]
[EventDate "2017.??.??"]
[EventType "tourn"]
[EventCountry "ARM"]
[SourceTitle "playchess.com"]
[Source "ChessBase"]
[SourceQuality "1"]
[TimeControl "5400+30"]

1. e4 {[%emt 0:00:00]} e5 {[%emt 0:00:04]} 2. Nf3 {[%emt 0:00:00]} Nc6 {[%emt 0:00:03]} 3. Bb5 {[%emt 0:00:00]} a6 {[%emt 0:00:08]} 4. Ba4 {[%emt 0:00:00]} Nf6 {[%emt 0:00:06]} 5. O-O {[%emt 0:00:00]} b5 {[%emt 0:00:03]} 6. Bb3 {[%emt 0:00:05]} Bc5 {[%emt 0:00:06]} 7. Nc3 {[%emt 0:00:49]} d6 {[%emt 0:01:50] C77: Ruy Lopez: 3...a6 4 Ba4 Nf6, unusual lines} (7... O-O 8. d3 d6 9. Nd5 h6 10. c3 Rb8 11. Re1 Ba7 12. Be3 Bxe3 13. Nxe3 Re8 14. a4 b4 15. a5 bxc3 16. bxc3 {½-½ (66) Anand,V (2783)-Carlsen,M (2822) Saint Louis 2017}) 8. Nd5 {[%emt 0:00:03]} h6 {[%emt 0:06:08]} 9. c3 {[%emt 0:02:16] LiveBook: 8 Games} Ba7 {[%emt 0:15:37]} ({Viel schwächer wäre} 9... Nxe4 10. d4 $16) 10. d4 {[%emt 0:11:46]} Bd7 $146 {[%emt 0:03:11]} ({Predecessor:} 10... O-O 11. Nxf6+ Qxf6 12. Bd5 Bd7 13. Be3 Rad8 14. a4 exd4 15. cxd4 {1-0 (29) Jovanovic,Z (2529)-Rusche,J (2263) Schwarzach 2016}) 11. dxe5 {[%emt 0:03:28]} Nxe5 {[%emt 0:06:58]} 12. Nxe5 {[%emt 0:00:38]} dxe5 {[%emt 0:00:06]} 13. Qf3 {[%emt 0:00:08]} c6 $1 {[%emt 0:03:26]} 14. Nxf6+ {[%emt 0:06:44]} Qxf6 {[%emt 0:00:07]} 15. Qxf6 {[%emt 0:00:13]} gxf6 {[%emt 0:00:05]} 16. Kh1 {[%emt 0:00:02]} Be6 {[%emt 0:12:15]} 17. f4 {[%emt 0:00:18]} Ke7 {[%emt 0:02:06]} 18. fxe5 {[%emt 0:24:41]} fxe5 {[%emt 0:00:06]} 19. Bd2 {[%emt 0:00:02]} f6 {[%emt 0:07:21]} 20. Bxe6 {[%emt 0:08:26]} Kxe6 {[%emt 0:00:05]} 21. Rf3 {[%emt 0:00:05]} Bc5 {[%emt 0:05:49]} 22. Raf1 {[%emt 0:05:32]} Be7 {[%emt 0:00:05]} 23. Kg1 {[%emt 0:03:37]} Rad8 {[%emt 0:01:13]} 24. Be3 {[%emt 0:00:20]} Rd3 {[%emt 0:01:38]} 25. Kf2 {[%emt 0:00:41]} c5 {[%emt 0:01:03]} 26. Rh3 $11 {[%emt 0:04:35]} Rg8 {[%emt 0:07:23]} 27. g3 {[%emt 0:06:28]} Rg4 {[%emt 0:00:10]} 28. Kf3 {[%emt 0:00:16]} Rg6 {[%emt 0:00:17]} 29. Ke2 {[%emt 0:00:39]} c4 {[%emt 0:00:07]} 30. Rh4 {[%emt 0:00:36]} Bf8 {[%emt 0:02:22]} 31. Rf5 {[%emt 0:00:39]} a5 {[%emt 0:00:29]} 32. Rf1 {[%emt 0:04:31]} Kf7 {[%emt 0:09:58]} 33. Rd1 {[%emt 0:01:48]} Rxd1 {[%emt 0:00:20]} 34. Kxd1 {[%emt 0:00:02]} Ke6 {[%emt 0:02:17]} 35. Ke2 {[%emt 0:00:35]} b4 {[%emt 0:00:19]} 36. Rh5 {[%emt 0:06:13]} Rg4 {[%emt 0:06:30]} 37. Bxh6 {[%emt 0:00:37]} Bxh6 {[%emt 0:00:22]} 38. Rxh6 {[%emt 0:00:01]} Rxe4+ {[%emt 0:00:07]} 39. Kd2 {[%emt 0:02:19]} Rg4 {[%emt 0:03:29]} 40. Rh8 {[%emt 0:00:26]} Rg7 {[%emt 0:00:34]} 41. cxb4 {[%emt 0:01:34]} axb4 {[%emt 0:00:03]} 42. Rb8 {[%emt 0:00:02]} Rd7+ {[%emt 0:01:58]} 43. Kc2 {[%emt 0:05:25]} Rh7 {[%emt 0:00:56]} 44. h4 {[%emt 0:00:12]} Rg7 {[%emt 0:00:07]} 45. Rxb4 {[%emt 0:00:04]} Kd5 {[%emt 0:00:13]} 46. a4 {[%emt 0:01:28]} Rxg3 {[%emt 0:00:45]} 47. a5 {[%emt 0:00:09]} Rg2+ {[%emt 0:00:57]} 48. Kc3 {[%emt 0:00:39]} Rg3+ {[%emt 0:00:11]} 49. Kd2 {[%emt 0:00:34]} Kc5 {[%emt 0:03:58]} 50. Rb8 {[%emt 0:01:04]} Rg2+ {[%emt 0:01:22]} 51. Ke3 {[%emt 0:02:19]} Rg3+ {[%emt 0:00:05]} 52. Kf2 {[%emt 0:00:33]} Rg7 {[%emt 0:00:04]} 53. h5 {[%emt 0:00:05]} Ra7 {[%emt 0:01:22]} 54. h6 {[%emt 0:00:10]} Rh7 {[%emt 0:00:12]} 55. a6 {[%emt 0:00:12]} Kc6 {[%emt 0:00:12]} 56. Kf3 {[%emt 0:02:37]} f5 {[%emt 0:00:03]} 57. Ke3 {[%emt 0:00:12]} Kc5 {[%emt 0:00:46]} 58. Kf3 {[%emt 0:01:00]} Kc6 {[%emt 0:00:04]} 59. Ke2 {[%emt 0:00:06]} Kc5 {[%emt 0:00:26]} 60. Ke3 {[%emt 0:00:04]} Kc6 {[%emt 0:00:12]} 61. Ke2 {[%emt 0:01:05]} Kc5 {[%emt 0:00:05]} 62. Kf2 {[%emt 0:00:02]} Kc6 {[%emt 0:00:11]} 63. Kf3 {[%emt 0:01:17]} Kc5 {[%emt 0:00:29]} 64. Kg2 {[%emt 0:00:01]} Kc6 {[%emt 0:00:32]} 65. Rb4 {[%emt 0:01:03]} e4 {[%emt 0:02:18]} 66. Ra4 {[%emt 0:00:30]} Rh8 {[%emt 0:00:24]} 67. a7 {[%emt 0:00:03]} Ra8 {[%emt 0:00:03]} 68. h7 {[%emt 0:00:08]} Kb7 {[%emt 0:00:02]} 69. Kg3 {[%emt 0:00:10]} e3 {[%emt 0:00:12]} 70. Kf3 {[%emt 0:00:03]} f4 {[%emt 0:00:05]} 71. Ke2 {[%emt 0:00:01]} f3+ {[%emt 0:01:00]} 72. Kxe3 {[%emt 0:00:51]} Re8+ {[%emt 0:00:06]} 73. Kxf3 {[%emt 0:00:03]} Ka8 {[%emt 0:00:03]} 74. Rxc4 {[%emt 0:00:06]} Rh8 {[%emt 0:00:02]} 75. Ra4 {[%emt 0:00:49]} Rxh7 {[%emt 0:00:05]} 76. Ke3 {[%emt 0:00:56]} Rb7 {[%emt 0:02:08]} 77. Ra2 {[%emt 0:00:04]} Rd7 {[%emt 0:00:16]} 78. Ke2 {[%emt 0:00:36]} Rd6 {[%emt 0:01:46]} 79. Ke3 {[%emt 0:01:58]} Rd7 {[%emt 0:00:14]} 80. Ke4 {[%emt 0:00:04]} Rd2 {[%emt 0:00:26]} 81. Ke5 {[%emt 0:00:04]} Rd7 {[%emt 0:00:21]} 82. Ke6 {[%emt 0:00:14]} Rd2 {[%emt 0:00:11]} 83. Ke7 {[%emt 0:00:09]} Rd4 {[%emt 0:01:56]} 84. Ra3 {[%emt 0:00:40]} Rb4 {[%emt 0:00:15]} 85. Ra2 {[%emt 0:00:41]} Rd4 {[%emt 0:00:04]} 86. Ra3 {[%emt 0:01:32]} Rb4 {[%emt 0:00:05]} 87. b3 {[%emt 0:00:04]} Rd4 {[%emt 0:00:04]} 88. Ra5 {[%emt 0:00:41]} Rb4 {[%emt 0:00:19]} 89. Ra3 {[%emt 0:00:01]} Rd4 {[%emt 0:00:07]} 90. Ke6 {[%emt 0:00:06]} Rd3 {[%emt 0:00:03]} 91. Ke5 {[%emt 0:00:11]} Rd7 {[%emt 0:00:08]} 92. Ra4 {[%emt 0:00:10]} Rb7 {[%emt 0:00:08]} 93. Ra3 {[%emt 0:00:12]} Rxa7 {[%emt 0:02:08]} 94. Rxa7+ {[%emt 0:00:05]} Kxa7 {[%emt 0:00:01]} 95. Kd4 {[%emt 0:00:11]} Kb6 {[%emt 0:00:03]} 96. Kc4 {[%emt 0:00:06]} Kc6 {[%emt 0:00:03]} 1/2-1/2

[Event "2nd European Youth GP 2017"]
[Site "Jermuk"]
[Date "2017.10.07"]
[Round "5"]
[White "Kacharava, Nikolozi"]
[Black "Sargsyan, Shant"]
[Result "1/2-1/2"]
[WhiteElo "2206"]
[BlackElo "2431"]
[Annotator "TA"]
[PlyCount "177"]
[EventDate "2017.??.??"]
[EventType "tourn"]
[EventCountry "ARM"]
[SourceTitle "playchess.com"]
[Source "ChessBase"]
[SourceQuality "1"]

{[%evp 12,177,13,14,22,10,19,18,18,18,18,18,16,18,14,12,21,17,31,26,33,13,39,32,43,15,25,6,47,45,45,39,65,57,101,0,16,0,0,0,27,-8,-6,-8,-8,-6,-4,-7,18,-42,-32,-36,-39,-40,-43,-43,-38,-35,-44,-68,-68,-66,-66,-68,-68,-68,0,-68,-68,-190,-190,-190,-190,-164,-142,-140,-135,-120,-94,-127,-127,-396,-388,-388,-360,-362,-70,-345,-345,-345,-29,-47,0,-345,-345,-345,0,0,0,0,0,0,0,0,0,0,0,-34,0,0,0,-34,-34,-34,-34,-34,-34,-34,0,-34,-34,-34,-34,-34,0,0,0,-286,-279,-279,-266,-266,-232,-400,-34,-67,-8,-8,-8,-8,0,0,0,0,0,0,0,0,0,0,0,0,0,0,0,0,0,0,0,0,0,0,0,0,0,0,0,0]} 1. e4 e5 2. Nf3 Nc6 3. Bc4 Bc5 4. c3 Nf6 5. d3 d6 6. Nbd2 O-O 7. O-O a5 {C54: Giuoco Piano: 4 c3 Nf6, main lines with 5 d4 and 5 d3} 8. h3 h6 9. Re1 Bd7 (9... Be6 10. Bb5 Ba7 11. Nf1 Ne7 12. d4 Ng6 13. Ng3 c6 14. Bd3 a4 15. Be3 b5 16. Qc2 {1-0 (69) Karjakin,S (2773)-Le,Q (2739) Saint Louis 2017}) 10. Nf1 a4 11. Bb5 Ne7 12. Bxd7 Qxd7 13. Ng3 Ng6 $146 ({Predecessor:} 13... Qb5 14. d4 Bb6 15. Qc2 exd4 16. cxd4 {½-½ (32) Kurmann,O (2459)-Studer,N (2462) Bad Ragaz 2017}) 14. d4 Bb6 15. Be3 exd4 16. cxd4 Qb5 17. Qc2 Rfe8 18. Nd2 Ba5 19. Red1 c6 20. Rac1 Bxd2 21. Bxd2 Nh4 22. Re1 Re6 23. Bc3 (23. f4 $16) 23... Qg5 $11 24. d5 (24. e5 {looks sharper.} Nd5 25. Bd2 Qe7 26. f4 Rg6 27. Qd3) 24... cxd5 25. Bxf6 Rxf6 26. exd5 (26. Rcd1 {feels hotter.} Re6 27. Rxd5 Qxd5 28. exd5 Rxe1+ 29. Kh2) 26... Qxd5 {[%csl Gh4][%cal Rd5g2]} 27. Qe4 Qxe4 28. Rxe4 Ng6 29. Rb4 Ne5 30. Rxb7 (30. Rd1 $11) 30... Rxf2 $1 $15 31. Kxf2 Nd3+ 32. Ke3 Nxc1 {[%mdl 4096] Endgame KRN-KRN} 33. Nf5 Re8+ 34. Kd2 Nxa2 35. Nxd6 Rd8 36. Rb6 {[#]} Nb4 $1 {[%mdl 512]} 37. Rxb4 Rxd6+ {KR-KR} 38. Kc3 Rc6+ (38... Ra6 $1 $15) 39. Kd3 (39. Rc4 $1 $11 Ra6 40. Kb4) 39... Ra6 $1 40. Kc4 (40. h4 $15) 40... a3 $1 $19 {[%cal Ra3a2]} 41. bxa3 Rxa3 42. Rb2 Re3 43. Kd4 Re1 44. Kd3 g5 45. Rb4 Kg7 46. h4 $2 {[%mdl 8192]} (46. Rb2 $17) 46... f5 $1 47. h5 Kf6 48. Rb8 Re6 $2 (48... f4 $19 {White must now prevent ...Kf5.} 49. Rf8+ Kg7) 49. Rf8+ $2 {[%mdl 8192]} (49. g3 $1 $15) 49... Ke5 50. Ke3 Ra6 $2 ({Better is} 50... g4 $1 $19 51. g3 Re7) 51. Re8+ Re6 $2 {[%mdl 8192]} (51... Kf6 $15 52. Rh8 Ke5) 52. Rf8 {[#]} g4 $1 53. g3 Ra6 $2 (53... Re7 $19 54. Ke2 Rb7) 54. Re8+ $11 Kf6 {...Kg5 is the strong threat.} 55. Rg8 $1 {[%cal Rg8g6] Intending Rg6+ and mate.} Kf7 {( -> ...Ra3+)} 56. Rb8 (56. Rc8 {with more complications.} Ra4 57. Rc6 Re4+ 58. Kf2 Re6 59. Rc8) 56... Kf6 {Hoping for ...Kg5.} 57. Rg8 $1 {[%cal Rg8g6] Threatening mate with Rg6+.} Ra3+ 58. Kf2 Ra2+ 59. Kg1 Ra1+ 60. Kf2 Ra2+ 61. Kg1 Ke5 {Threatens to win with ...Ke4.} 62. Re8+ Kd5 63. Re7 Ra1+ 64. Kg2 Ra2+ 65. Kg1 Ra6 66. Kf2 Re6 67. Rf7 Ke4 68. Rf8 Ke5 $2 {[%mdl 8192]} (68... Rc6 $11 69. Re8+ Kd5 70. Rd8+ Ke5 71. Re8+ Kf6) 69. Ke3 $19 Re7 70. Kf2 Rb7 71. Rh8 Rb2+ 72. Kg1 $2 {[#]} (72. Kf1 {was the only defense.} Ke4 73. Ra8) 72... Rb6 $2 (72... Ke4 $1 $19 {[%cal Re4f3] Strongly threatening ...Kf3.} 73. Rxh6 Kf3) 73. Re8+ Kf6 ({Black should play} 73... Kd5 $15) 74. Rg8 $1 $11 {[%cal Rg8g6] And now Rg6+ would win.The position is equal.} Kf7 75. Ra8 Rb5 76. Ra6 Kg7 77. Rg6+ Kh7 78. Rf6 Rc5 79. Kg2 Rd5 80. Kg1 Ra5 81. Kg2 Rb5 82. Kg1 Rb1+ 83. Kg2 Rb2+ 84. Kg1 Rb3 85. Kg2 Rf3 86. Rf7+ Kg8 87. Rf6 Kg7 88. Rg6+ Kh7 89. Rf6 {Precision: White = 54%, Black = 56%.} 1/2-1/2

[Event "2nd European Youth GP 2017"]
[Site "Jermuk"]
[Date "2017.10.09"]
[Round "6"]
[White "Hakobyan, Aram"]
[Black "Kacharava, Nikolozi"]
[Result "1-0"]
[WhiteElo "2457"]
[BlackElo "2206"]
[Annotator "TA"]
[PlyCount "75"]
[EventDate "2017.??.??"]
[EventType "tourn"]
[EventCountry "ARM"]
[SourceTitle "playchess.com"]
[Source "ChessBase"]
[SourceQuality "1"]

{[%evp 11,75,0,21,10,42,28,35,45,47,49,58,54,55,3,12,11,2,0,0,-13,-14,-17,-5,6,24,0,8,-30,-4,-13,34,14,7,-9,55,41,29,52,25,39,29,31,94,73,103,98,93,32,90,32,132,118,171,180,889,831,1180,1085,1185,1153,1908,1864,1937,1922,29991,1020]} 1. d4 d5 2. Nf3 e6 3. Bf4 c5 4. e3 Nc6 5. c3 Nf6 6. Nbd2 h6 7. Bb5 {D02: 1 d4 d5 2 Nf3 sidelines, including 2...Nf6 3 g3 and 2...Nf6 3 Bf4} (7. Ne5 a6 8. Bd3 Bd6 9. Bg3 Qc7 10. Nxc6 Qxc6 11. O-O b6 12. Qf3 Bb7 13. Bxd6 Qxd6 14. Qg3 Qxg3 15. hxg3 {½-½ (53) Nguyen,N (2629)-Nakamura,H (2779) Doha 2016}) 7... Bd6 $146 ({Predecessor:} 7... Bd7 8. O-O Nh5 9. Bxc6 Bxc6 10. Be5 Nf6 11. a4 Be7 12. dxc5 Bxc5 13. b4 Be7 14. b5 Bd7 {0-1 (40) Berzinsh,R (2408)-Mierins,E (2150) Tallinn 2017}) 8. Qa4 Bxf4 9. exf4 {White is slightly better.} Qb6 10. Bxc6+ bxc6 11. O-O O-O 12. Qa3 (12. dxc5 $14 Qxc5 13. Ne5) 12... Nd7 $11 13. Rfc1 a5 14. Nb3 {[%cal Rd4c5]} c4 15. Nbd2 Qc7 16. Ne5 f6 17. Ng6 $36 {[%mdl 2048] White is pushing.} Rf7 18. g3 Kh7 19. Nh4 $1 e5 (19... g5 $5 {[%cal Rg5h4]} 20. Ng2 e5 $11) 20. Re1 e4 21. b3 cxb3 22. axb3 Nf8 (22... f5 $11) 23. f5 $14 g5 24. fxg6+ $1 Nxg6 25. Nxg6 Kxg6 26. c4 h5 ({Black should play} 26... Qe7 $14) 27. Nf1 h4 28. Ne3 Be6 29. Qc5 (29. gxh4 $6 Kh7 $11) ({White should try} 29. Ng2 $16) 29... Rh7 (29... hxg3 $14 30. fxg3 Rd7) 30. Re2 (30. cxd5 $16 cxd5 31. Nxd5 Qxc5 32. Nf4+ Kf5 33. dxc5) 30... a4 (30... Rd7 $1 $14) 31. Ng2 $16 ({But not} 31. cxd5 $6 cxd5 32. Qxc7 (32. Rxa4 Qxc5 33. dxc5 Rxa4 $11) 32... Rxc7 $11) 31... Bh3 (31... Ra5 $16 32. Qb4 Bg4) 32. Nf4+ $18 ({Don't do} 32. bxa4 $6 Bxg2 33. Kxg2 hxg3 $16) (32. Rxa4 Rxa4 33. bxa4 Bxg2 $11) 32... Qxf4 $2 {[#]} (32... Kf7) 33. gxf4 Kf5 34. f3 Rg7+ 35. Kf2 exf3 36. Qxc6 fxe2 37. Qxd5+ Kxf4 38. Qf3+ {Precision: White = 49%, Black = 24%.} 1-0

[Event "2nd European Youth GP 2017"]
[Site "Jermuk"]
[Date "2017.10.09"]
[Round "6"]
[White "Lobanov, Sergei"]
[Black "Zarubitski, Viachaslau"]
[Result "1/2-1/2"]
[WhiteElo "2457"]
[BlackElo "2311"]
[Annotator "TA"]
[PlyCount "27"]
[EventDate "2017.??.??"]
[EventType "tourn"]
[EventCountry "ARM"]
[SourceTitle "playchess.com"]
[Source "ChessBase"]
[SourceQuality "1"]

{[%evp 18,27,0,0,0,0,9,0,0,0,12,5]} 1. e4 e5 2. Nf3 Nf6 3. Nxe5 d6 4. Nf3 Nxe4 5. Qe2 Qe7 6. d3 Nf6 7. Bg5 Qxe2+ 8. Bxe2 Be7 9. Nc3 h6 10. Be3 {LiveBook: 3 Games. The position is equal. C42: Petroff Defence: 3 Nxe5 and unusual White 3rd moves} a6 $146 ({Predecessor:} 10... Bd7 11. h3 Nc6 12. O-O-O O-O-O 13. Rhe1 a6 14. d4 Bf5 15. d5 Ne5 16. Nd4 Bd7 17. f4 Ng6 {1-0 (60) Sikula,V (2550)-Nezar,M (2404) Nancy 2008}) 11. h3 Nc6 12. O-O-O Be6 13. a3 O-O-O 14. d4 1/2-1/2

[Event "2nd European Youth GP 2017"]
[Site "Jermuk"]
[Date "2017.10.09"]
[Round "6"]
[White "Sargsyan, Shant"]
[Black "Kaasen, Tor Fredrik"]
[Result "1-0"]
[WhiteElo "2431"]
[BlackElo "2371"]
[Annotator "TA"]
[PlyCount "123"]
[EventDate "2017.??.??"]
[EventType "tourn"]
[EventCountry "ARM"]
[SourceTitle "playchess.com"]
[Source "ChessBase"]
[SourceQuality "1"]

{[%evp 23,123,19,21,6,39,23,30,29,31,14,14,18,14,10,17,0,0,-12,0,-3,0,-2,28,0,28,22,14,1,63,55,129,37,123,65,66,60,69,57,96,78,128,81,124,87,158,105,110,100,169,140,131,118,139,133,145,133,177,177,181,181,189,214,277,256,262,253,218,123,321,316,508,504,485,495,518,476,620,595,1756,1584,1909,2237,4235,3303,2784,2660,5097,5435,29977,29978,29979,29980,29980,29981,29980,29980,29980,29981,29981,29982,29981,29983]} 1. d4 Nf6 2. Nf3 e6 3. c4 b6 4. g3 Ba6 5. b3 Bb7 6. Bg2 Bb4+ 7. Bd2 a5 8. O-O O-O 9. Nc3 d6 10. Qc2 Nbd7 11. Rfd1 Bxc3 {E15: Queen's Indian: 4 g3 sidelines, 4 g3 Ba6 and 4 g3 Bb7 early deviations} 12. Bxc3 Be4 {LiveBook: 14 Games} 13. Qd2 (13. Qb2 Qb8 14. Bf1 Bxf3 15. exf3 d5 16. Rac1 a4 17. Bd2 Qb7 18. c5 c6 19. b4 {1-0 (56) Kramnik,V (2785)-Adams,M (2729) Moscow 2007}) 13... c6 {The position is equal.} 14. Qf4 Qe7 {[#]} 15. Bf1 $146 ({Predecessor:} 15. Rac1 h6 16. Bb2 a4 17. b4 a3 18. Bc3 Rfc8 19. h4 {½-½ (43) Iskusnyh,S (2510)-Safarli,E (2391) Kusadasi 2006}) 15... h6 16. Ne5 dxe5 17. dxe5 Nd5 $1 {[%cal Rd5f4]} 18. cxd5 cxd5 19. Bd4 Rfc8 20. f3 Bg6 21. Rdc1 Qb4 22. Bb2 Qe7 23. e3 Nc5 24. Qd4 Qg5 25. Rc3 Rf8 (25... Bh5 $11) 26. Be2 Rad8 (26... Ra7 $14) 27. Rd1 (27. Ba3 $16) 27... f6 {[#]} ({Black should play} 27... Rd7 $14) 28. Rcc1 (28. f4 $1 $16 {[%cal Rf4g5]} Qf5 29. exf6 Rxf6 30. Rdc1) 28... fxe5 $14 29. Qxe5 {[%csl Gb2][%cal Re5g7]} Qe7 30. g4 Rd7 31. Bd4 h5 32. h3 Kh8 33. Kg2 ({Much less strong is} 33. gxh5 $6 Rf5 $14) 33... Ra7 ({Better is} 33... Rdd8) 34. Qg3 (34. gxh5 $142 Nd7 35. Qxg7+ Qxg7 36. Bxg7+ Kxg7 37. hxg6) 34... h4 $16 35. Qe1 Qg5 (35... Kg8 $16) 36. Rxc5 bxc5 37. Bxc5 Raf7 38. Bxf8 ({Don't play} 38. Qxa5 $6 Rc8 $14) 38... Rxf8 39. Qc3 Qe7 40. Qxa5 Rc8 41. Qe1 Rc2 42. Rd2 Qc7 {Black wants to play ...Rxd2.} 43. Rxc2 Qxc2 44. Qxh4+ Kg8 {[#]} 45. Kf1 (45. Qf2 $1 $18) 45... Qxa2 $2 (45... Qc1+ $16 46. Kg2 Qd2) 46. Qe7 $18 Qa1+ $2 (46... Kh7 47. Qxe6 Qxb3) 47. Kf2 Qe5 48. f4 Qe4 49. f5 exf5 50. Qxe4 fxe4 {[%mdl 4096] Endgame KB-KB} 51. Kg3 Kf7 52. Kf4 Ke6 53. h4 Be8 54. h5 Kd6 55. g5 {[%cal Bg4g5,Bg5h6][%mdl 32]} Kc5 56. Ke5 {White mates.} Bf7 57. h6 gxh6 58. gxh6 Bg6 {[#]} 59. Bh5 $1 {[%mdl 512]} Bh7 (59... Bxh5 60. h7) 60. Bf7 d4 {[#]} 61. b4+ $1 {[%mdl 512]} Kxb4 62. Kxd4 {Precision: White = 62%, Black = 23%.} 1-0